| 000 | 00516pab a2200181 454500 | ||
|---|---|---|---|
| 008 | 180718b2008 xxu||||| |||| 00| 0 eng d | ||
| 100 | _aDash, Satya Prakash | ||
| 245 | _aResettlement and rehabilitation in Orissa: a study of the upper Indravati hydro-electric project | ||
| 260 | _c2008 | ||
| 300 | _ap.661-88. | ||
| 362 | _aDec | ||
| 650 | _aRehabilitation - India - Orissa | ||
| 650 | _aResettlement - India - Orissa | ||
| 650 | _aResettlement | ||
| 773 | _aSocial Change | ||
| 908 | _aN | ||
| 909 | _a80995 | ||
| 999 |
_c80995 _d80995 |
||